Geography Quiz

Random Geography or World Quiz

Worlds Fattest Countries Quiz Stats

Quiz not verified by Sporcle

Challenge
Share
Tweet
Embed
Score 0/20 Timer 08:00
0 Plays Today
% Correct
United States
87.3%
Mexico
59.3%
Samoa
47.8%
Tonga
42.1%
Nauru
39.5%
Palau
35.1%
Federated States of Micronesia
32.7%
Kiribati
32.5%
New Zealand
31.1%
Greece
28.2%
% Correct
Argentina
25.4%
Kuwait
19.8%
Egypt
19.5%
Barbados
13.6%
Malta
13.4%
Dominica
13.2%
Trinidad and Tobago
13.2%
Cook Islands
6.1%
United Arab Emirates
5.9%
Niue
5.6%

You're not logged in!

Compare scores with friends on all Sporcle quizzes.
Join for Free
OR
Log In

You Might Also Like...

Show Comments

Extras

Created Mar 27, 2010ReportNominate
Tags:Country Quiz, World Quiz, fattest

Top Quizzes Today


Score Distribution

Your Account Isn't Verified!

In order to create a playlist on Sporcle, you need to verify the email address you used during registration. Go to your Sporcle Settings to finish the process.

Report this User

Report this user for behavior that violates our Community Guidelines.

Details: